| 000 | 01628nam0a2200325 4500 | ||
|---|---|---|---|
| 001 | RU\NLR\BIBL_A\011398473 | ||
| 005 | 20260406080526.0 | ||
| 021 |
_aRU _b2017-34209 _92516 |
||
| 035 | _a(RuMoRGB)008881547 | ||
| 035 | _a(NLR Aleph) 011398473 | ||
| 090 |
_a11493886 _c11493886 |
||
| 100 | _a20170602d2017 u y0rusy50 ca | ||
| 101 | 0 | _arus | |
| 102 | _aRU | ||
| 105 | _aac||zzzz000zy | ||
| 200 | 1 |
_aКак защититься от хронического стресса _fЮ. М. Поздняков, Б. А. Кузнецов |
|
| 210 |
_aМожайск _c[б. и.] _d2017 |
||
| 215 |
_a24 с. _cпортр., цв. ил. _d21 |
||
| 225 | 1 |
_a10 шагов к здоровому сердцу _v6 |
|
| 225 | 1 | _aРегиональный образовательный проект "Здоровые сердца Подмосковья" | |
| 300 | _aНа 4-й с. обл. авт.: Поздняков Ю.М., засл. врач России, д.м.н.. проф., Кузнецов Б.А., врач высш. категории, психиатр, психотерапевт, нарколог | ||
| 606 | 1 |
_aСтресс _jПопулярные издания _xПрофилактика _91734768 _3RU\NLR\AUTH\661071839 |
|
| 686 |
_aР252.510я9 _2rubbk |
||
| 686 | 1 | _aР341.28я9 | |
| 700 | 1 |
_8rus _7ca _aПоздняков _bЮ. М. _gЮрий Михайлович _3RU\NLR\AUTH\7742204 _925149 |
|
| 701 | 1 |
_7ca _8rus _aКузнецов _bБ. А. _cпсихиатр _gБорис Александрович _9176207 _3RU\NLR\AUTH\770176258 |
|
| 942 | _cBOOK | ||
| 980 | _aNBR | ||